Statistiques concernant Les Maisons des Illustres (2)

Cliquez ici pour prendre le quiz!

Statistiques générales

  • Ce quiz a été pris 13 fois
  • Le résultat moyen est 12 sur 20

Statistiques - réponses

DépartementVilleIndiceRéponse% Correct
08Charleville-MézièresJeune poèteArthur {Rimbaud}
78%
02Château-ThierryFabulisteJean de {La Fontaine}
78%
71Saint-Loup-de-VarennesInventeur de la photographieNicéphore {Niepce}
78%
38GrenobleLe Rouge et le Noir{Stendhal}
78%
25BesançonHernaniVictor {Hugo}
78%
25BesançonPapa de QuasimodoVictor {Hugo}
78%
92MeudonPenseurAuguste {Rodin}
67%
89Saint-Sauveur-en-PuisayeAuteur des Claudines{Colette}
67%
28Illiers-CombrayLéonieMarcel {Proust}
67%
24Saint-Michel-de-***Parce que c'était lui..Michel de {Montaigne}
67%
13Aix-en-ProvenceSte VictoirePaul {Cézanne}
67%
37DescartesMéthodeRené {Descartes}
67%
14HonfleurGymnopédiesErik {Satie}
56%
39Lons-le-SaunierMarseillaiseClaude {Rouget de Lisle}
44%
85Mouilleron-en-ParedsMaréchal de FranceJean {de Lattre de Tassigny}
44%
46FigeacDéchiffreurJean-François {Champollion}
44%
61SérignyThibaultRoger {Martin du Gard}
44%
58BazochesArchitecte / citadellesSébastien Le Prestre, marquis de {Vauban}
44%
54Thorey-***Maroc et maréchalHubert {Lyautey}
22%
33La BrèdeLettres de PersesCharles Louis de {Segondat}, baron de {Montesquieu}
11%

Distribution des résultats

Percentile par nombre de réponses

% des personnes avec chaque résultat

Votre développement - résultats

Vous n’avez pas pris ce quiz